000 00474nam a2200193 a 4500
001 1764920667389
003 ACL
005 20251205131612.0
008 251205s2002##################000#0#eng##
020 _a9780309076425
082 0 4 _a629.416
_bCAR
100 1 _aCarlowicz, Michael J.,
_eauthor.
245 1 0 _aStorms from the Sun :
260 _bJoseph Henry Press,
_c2002.
300 _a270 pages
650 0 _aScience.
942 _cENGLISH
040 _aACL
_beng
_cACL
999 _c600345
_d600345